[Event "URU-ch U20/Girls"]
[Site "Nueva Helvecia"]
[Date "2018.04.22"]
[Round "4"]
[White "Arriola, Adrian"]
[Black "Malan, Lucia"]
[Result "1/2-1/2"]
[WhiteElo "1547"]
[BlackElo "1787"]
[PlyCount "84"]
[EventDate "2018.04.21"]
[EventType "swiss"]
[EventRounds "6"]
[EventCountry "URU"]
[SourceTitle "CBM 184 Extra"]
[Source "ChessBase"]
[SourceDate "2018.06.28"]
[SourceVersion "1"]
[SourceVersionDate "2018.06.28"]
[SourceQuality "1"]

1. d4 Nf6 2. Nf3 g6 3. Nc3 Bg7 4. e4 d6 5. Bg5 0-0 6. Qd2 a6 7. 0-0-0 b5 8. e5 Nfd7 9. h4 Nc6 10. Bh6 dxe5 11. dxe5 Ndxe5 12. Qxd8 Bxh6+ 13. Kb1 Rxd8 14. Rxd8+ Nxd8 15. Nxe5 Bg7 16. Nd3 Bxc3 17. bxc3 Bb7 18. Rh3 Ne6 19. Re3 Rd8 20. g3 Kf8 21. Bh3 Rd6 22. Bxe6 Rxe6 23. Rxe6 fxe6 24. Nc5 Bc8 25. Kb2 Kf7 26. Kb3 Kf6 27. Kb4 Kf5 28. f3 e5 29. Ka5 c6 30. Kb6 Be6 31. Nxe6 Kxe6 32. Kxc6 Kf5 33. Kb6 e4 34. fxe4+ Kxe4 35. Kxa6 Kf5 36. Kxb5 e5 37. a4 Kg4 38. a5 e4 39. a6 e3 40. a7 e2 41. a8Q e1Q 42. Qc8+ Kxg3 1/2-1/2

[Event "Wch U16"]
[Site "Montevideo"]
[Date "2017.09.25"]
[Round "10"]
[White "Oviedo, Mathias"]
[Black "Arriola, Adrian"]
[Result "1-0"]
[WhiteElo "1556"]
[BlackElo "1509"]
[PlyCount "103"]
[EventDate "2017.09.17"]
[EventType "swiss"]
[EventRounds "11"]
[EventCountry "URU"]
[SourceTitle "EXT 2018"]
[Source "ChessBase"]
[SourceDate "2017.10.13"]
[SourceVersion "1"]
[SourceVersionDate "2017.10.13"]
[SourceQuality "1"]

1. e4 c5 2. Nf3 d6 3. d4 cxd4 4. Nxd4 Nf6 5. Nc3 g6 6. f3 Bg7 7. Be3 Nc6 8. Bc4 a6 9. Qd2 Bd7 10. 0-0-0 Rc8 11. a3 Ne5 12. Ba2 Nc4 13. Bxc4 Rxc4 14. Bh6 0-0 15. h4 b5 16. h5 e6 17. Nde2 Rc6 18. hxg6 fxg6 19. Bxg7 Kxg7 20. Nd4 Rb6 21. Nce2 e5 22. Nb3 Qc7 23. g4 Be6 24. Na1 Qc4 25. Nc3 a5 26. Qh6+ Kg8 27. g5 Nh5 28. Rxh5 gxh5 29. g6 Rb7 30. gxh7+ Rxh7 31. Rg1+ Bg4 32. Qe3 Rhf7 33. fxg4 Rf1+ 34. Rxf1 Qxf1+ 35. Nd1 Qf4 36. gxh5 Kh7 37. Kd2 Qh2+ 38. Qe2 Qxe2+ 39. Kxe2 Kh6 40. Nb3 Ra8 41. Ne3 Kxh5 42. Nf5 Ra6 43. Kd3 Kg5 44. Ne7 Kf4 45. Nd5+ Kf3 46. Nc7 Rb6 47. Nxa5 b4 48. axb4 Rxb4 49. Nc4 Rb7 50. Nd5 Rd7 51. b4 Rb7 52. Nxd6 1-0

[Event "Wch U16"]
[Site "Montevideo"]
[Date "2017.09.24"]
[Round "9"]
[White "Arriola, Adrian"]
[Black "Aguerre, Valentin"]
[Result "0-1"]
[WhiteElo "1509"]
[BlackElo "1640"]
[PlyCount "110"]
[EventDate "2017.09.17"]
[EventType "swiss"]
[EventRounds "11"]
[EventCountry "URU"]
[SourceTitle "CBM 180 Extra"]
[Source "ChessBase"]
[SourceDate "2017.10.06"]
[SourceVersion "1"]
[SourceVersionDate "2017.10.06"]
[SourceQuality "1"]

1. c4 e5 2. g3 Nc6 3. Bg2 d6 4. Nc3 Be6 5. d3 Qd7 6. e3 Nge7 7. Nge2 g6 8. 0-0 Bh3 9. Qa4 h5 10. d4 h4 11. d5 Bxg2 12. Kxg2 hxg3 13. Nxg3 Nd8 14. Qxd7+ Kxd7 15. e4 f6 16. Be3 Bh6 17. Rae1 b6 18. f4 Nb7 19. fxe5 fxe5 20. Bxh6 Rxh6 21. b4 Rah8 22. Rh1 Ng8 23. Ref1 R6h7 24. Nb5 a6 25. Na7 Ne7 26. b5 a5 27. Nc6 Nc5 28. Rf6 Rh6 29. Rf7 R8h7 30. Rxh7 Rxh7 31. Rf1 Nxc6 32. bxc6+ Ke7 33. Rf2 Rh4 34. Kf3 Rf4+ 35. Ke3 Rxf2 36. Kxf2 Kf6 37. Ne2 Nxe4+ 38. Ke3 Kf5 39. a4 Nc5 40. Nc3 Kg4 41. Nb5 Na6 42. Kf2 Kh3 43. Kf3 Kxh2 44. Kg4 Kg2 45. Kg5 Kf2 46. Kxg6 e4 47. Kf6 e3 48. Nd4 e2 49. Nc2 e1Q 50. Nxe1 Kxe1 51. Ke7 Kd2 52. Kd8 Kc3 53. Kc8 Kxc4 54. Kb7 Kxd5 55. Kxa6 Kxc6 0-1

[Event "URU-chT Provinces"]
[Site "Montevideo"]
[Date "2017.08.25"]
[Round "1.2"]
[White "Arriola, Adrian"]
[Black "Bertucci, Santiago"]
[Result "0-1"]
[WhiteElo "1529"]
[BlackElo "1919"]
[PlyCount "58"]
[EventDate "2017.08.25"]
[EventType "team-swiss"]
[EventRounds "5"]
[EventCountry "URU"]
[SourceTitle "EXT 2019"]
[Source "ChessBase"]
[SourceDate "2018.10.10"]
[SourceVersion "1"]
[SourceVersionDate "2018.10.10"]
[SourceQuality "1"]
[WhiteTeam "Canelones IV"]
[BlackTeam "Canelones III"]
[WhiteTeamCountry "URU"]
[BlackTeamCountry "URU"]

1. d4 Nf6 2. Nf3 d5 3. Bf4 Bf5 4. e3 c6 5. c4 e6 6. Nc3 Nbd7 7. Qb3 dxc4 8. Bxc4 b5 9. Be2 a6 10. a4 b4 11. Na2 c5 12. Nc1 Qc8 13. Ne5 cxd4 14. Bf3 Bc2 15. Qc4 Qxc4 16. Nxc4 Rc8 17. Nd6+ Bxd6 18. Bxd6 d3 19. Bxb4 Rc4 20. Bc3 0-0 21. Kd2 Nc5 22. Bd1 Nfe4+ 23. Ke1 Nxc3 24. bxc3 Rd8 25. Bxc2 dxc2 26. Ke2 Rxc3 27. Ra2 f5 28. Ra1 Ne4 29. Nd3 Rcxd3 0-1